Statistiques concernant Personnages - La Belgariade

Cliquez ici pour prendre le quiz!

Statistiques générales

  • Ce quiz a été pris 9 fois
    (4 depuis la dernière actualisation)
  • Le résultat moyen est 20 sur 69

Statistiques - réponses

Indice Nom % Correct
DieuUl
100%
Personnage principalGarion
100%
Personnage principalCe'Nedra
100%
......sa fillePolgara
100%
...DiscipleBelgarath
100%
...son ami d'enfanceRundorig
50%
...son amie d'enfanceZubrette
50%
Personnage principalMandorallen
50%
...sa cousineXera
50%
Personnage principalTaïba
50%
DieuBelar
50%
Personnage principalKheldar / Silk
50%
Roi de SendarieFulrach
50%
Roi de CherekAnheg
50%
Reine de NyissieSalmissra
50%
Roi d'AlgarieCho-Hag
50%
Roi du Cthol MurgosTaur Urgas
50%
Chef Spirituel d'UlgolandeGorim
50%
Fermier SendarienFaldor
50%
Chef des Eunuques de NyissieSadi
50%
Espionne DrasnienneLiselle / Velvet
50%
Gardien de RivaBrand
50%
DagashiBrill
50%
...son ami d'enfanceDoroon
50%
Personnage principalHettar
50%
DieuIssa
50%
Personnage principalLelldorin
50%
Personnage principalDurnik
50%
DieuAldur
50%
...DiscipleBeldin
50%
Personnage principalBarak
50%
DieuTorak
50%
...DiscipleBelzedar
50%
DieuNedra
50%
...son oncleReldegen
0%
Capitaine CheresqueBrendig
0%
Navigateur CheresqueGreldik
0%
DieuMara
0%
Eldrak d'UlgolandeGrull
0%
Espion DrasnienKhendon / Javelin
0%
Espionne DrasnienneBethra
0%
SorcièreVordaï
0%
Roi du Gar Og NadrakDrosta Lek Thun
0%
Grand Prêtre de TorakCtuchik
0%
...DiscipleChamdar / Asharak
0%
DieuChaldan
0%
L'EnfantMission / Essaion
0%
Commerçant NadrakYarblek
0%
Reine des DryadesXantha
0%
Roi du Thull MarduGethel
0%
Reine de DrasniePorenn
0%
...DiscipleBeltira
0%
...amour secretNerina
0%
...sa femmeMerel
0%
......sa filleBeldaran
0%
Personnage principalRelg
0%
......sa femmePoledra
0%
...DiscipleBelkira
0%
Reine de SendarieLayla
0%
Reine de CherekIslena
0%
Roi de DrasnieRhodar
0%
Roi d'ArendieKorodullin
0%
Reine d'ArendieMayaserana
0%
Roi de TolnedrieRan Borune XXIII
0%
...DiscipleBelmakor
0%
...DiscipleBelsambar
0%
Reine d'AlgarieSilar
0%
...sa femmeAriana
0%
Danseuse NadrakVella
0%

Distribution des résultats

Percentile by Number Answered

% des personnes avec chaque résultat

Votre développement - résultats

Vous n’avez pas pris ce quiz depuis la dernière actualisation